Desarrollo indígena y sustitución de cultivos ilícitos de coca : (Registro nro. 5236)

Detalles MARC
000 -CABECERA
Campo de control 01196cam a2200265 a 4500
005 - FECHA Y HORA DE LA ULTIMA TRANSACCION
Campo de control 20160318093834.0
008 - ELEMENTOS DE LONGITUD FIJA—INFORMACION GENERAL
Campo de control 030712s2003 ck a r 00010 spa d
040 ## - FUENTE DE CATALOGACIÓN
Agencia catalogadora original la
Agencia transcriptora la
Agencia Modificadora CO-BoIAVH
041 0# - IDIOMA
Código de idioma para texto/pista de sonido o título separado Español
044 ## - PAÍS DE PUBLICACIÓN
País de publicación Colombia
082 04 - NUMERO DE CLASIFICACION DECIMAL DEWEY
Número de clasificación 307.1412
Número del ítem O74d
110 1# - ASIENTO PRINCIPAL--NOMBRE CORPORATIVO
Nombre corporativo o de jurisdicción como elemento de entrada Organización Zonal Indígena del Putumayo.
9 (RLIN) 64566
245 10 - MENCION DE TITULO
Título Desarrollo indígena y sustitución de cultivos ilícitos de coca :
Parte restante del título experiencia del Programa Raiz por Raiz en Mocoa, Villa Garzón y Puerto Guzmán departamento del Putumayo /
Mención de responsabilidad textos Laura García ... [et al.] ; coordinación editorial Carlos A. Salazar.
260 ## - PUBLICACION, DISTRIBUCION, ETC. (PIE DE IMPRENTA)
Lugar de publicación, distribución, etc. Bogotá :
Nombre del editor, distribuidor, etc. CECOIN-CORFAS,
Fecha de publicación, distribución, etc. 2003.
300 ## - DESCRIPCION FISICA
Extensión 71 páginas :
Otros detalles físicos ilustraciones ;
Dimensiones 25 x 19 centímetros
504 ## - NOTA DE BIBLIOGRAFIA, ETC.
Nota de bibliografía Incluye bibliografía.
650 #4 - ASIENTO SECUNDARIO DE MATERIA - TERMINO TEMATICO
Término temático o nombre geográfico como elemento de entrada Indígenas de Colombia
Subdivisión general Condiciones sociales.
9 (RLIN) 64567
650 #6 - ASIENTO SECUNDARIO DE MATERIA - TERMINO TEMATICO
Término temático o nombre geográfico como elemento de entrada Economía indígena
Subdivisión geográfica Putumayo (Colombia)
9 (RLIN) 64568
650 #4 - ASIENTO SECUNDARIO DE MATERIA - TERMINO TEMATICO
Término temático o nombre geográfico como elemento de entrada Cultivos ilícitos
Subdivisión geográfica Putumayo (Colombia)
9 (RLIN) 64569
650 #4 - ASIENTO SECUNDARIO DE MATERIA - TERMINO TEMATICO
Término temático o nombre geográfico como elemento de entrada Sustitución de cultivos ilícitos
Subdivisión geográfica Putumayo (Colombia)
9 (RLIN) 64570
700 1# - ASIENTO SECUNDARIO - NOMBRE PERSONAL
Nombre personal García, Laura.
Término de relación textos
9 (RLIN) 20958
700 1# - ASIENTO SECUNDARIO - NOMBRE PERSONAL
Nombre personal Salazar, Carlos A.,
Término de relación editor
9 (RLIN) 64571
710 2# - ASIENTO SECUNDARIO - NOMBRE CORPORATIVO
Nombre corporativo o de jurisdicción como elemento de entrada Programa Raiz por Raiz.
9 (RLIN) 64572
942 ## - ELEMENTOS ADICIONALES (KOHA)
Sistema de clasificación Dewey Decimal Classification
Tipo de ítem Libro
Existencias
Withdrawn status Lost status Sistema de Clasificación Damaged status No para préstamo Colección Inventariado Ubicación Permanente Ubicación actual Fecha de adquisición Fuente de Valor Valor Total Checkouts Número topográfico Inventario / Código de Barras Date last seen Date checked out Ejemplar Price effective from Forma de adquisición Tipo de material
    Dewey Decimal Classification     General Inventariado 2017 Bogotá Bogotá 04/02/2005 Instituto 15000.00 1 LB-307.1412 O74d 015768 13/02/2019 13/02/2019 Ej. 1 04/12/2012   Libro